00468 2200169 4500001002100000005001500021035002000036007000300056008004100059082000800100084001400108100002900122245007100151260004500222300002100267600001000288INLIS00000000000090920220613121154 a0010-0622000053ta220613 g 0 ind  a297 a297 SAI b0 aSaiyid Mahadir, Muhammad1 aBekal Ramadhan & Idul Fitri (5):I'tikaf /cMuhammad Saiyid Mahadir aJakarta :bRumah Fiqih Publishing,c2019 a36 hlm. ;c20 cm 4aAgama